[Event "Reykjavik op 22nd"]
[Site "Reykjavik"]
[Date "2006.03.11"]
[Round "6"]
[White "Pavlovic, Milos"]
[Black "Carlsen, Magnus"]
[Result "0-1"]
[WhiteElo "2494"]
[BlackElo "2625"]
[PlyCount "66"]
[EventDate "2006.03.06"]
[EventType "swiss"]
[EventRounds "9"]
[EventCountry "ISL"]
[SourceTitle "CBM 111 Extra"]
[Source "ChessBase"]
[SourceDate "2006.05.09"]
[SourceVersion "1"]
[SourceVersionDate "2006.05.09"]
[SourceQuality "1"]

1. e4 e5 2. Nf3 Nc6 3. Bb5 a6 4. Ba4 Nf6 5. O-O b5 6. Bb3 Bc5 7. c3 d6 8. d4 Bb6 9. a4 Bg4 10. axb5 axb5 11. Rxa8 Qxa8 12. h3 Bh5 13. Qd3 ({RR} 13. Re1 h6 14. g4 Bg6 15. Be3 exd4 16. cxd4 O-O 17. d5 Bxe3 18. Rxe3 Na5 19. Bc2 Nc4 20. Re1 Nxb2 21. Qd4 Nc4 22. Bd3 Qa4 23. Bxc4 bxc4 24. Nc3 Qc2 25. Qd2 Qb3 26. Nd4 Qa3 27. Ndb5 Qa5 {Grischuk,A (2776)-Caruana,F (2820) Bucharest 2021 ½-½ (66)}) ({RR} 13. g4 Bg6 14. g5 Ng8 15. dxe5 Nxe5 16. Nxe5 dxe5 17. Qd3 c6 18. Rd1 Qc8 19. Na3 Ne7 20. Nxb5 O-O 21. Na3 Bh5 22. Re1 Ng6 23. Qg3 Rd8 24. Nc4 Qe6 25. Nd2 Qc8 26. Bc4 Nf4 27. Bf1 Qe6 {Ma Qun (2645)-Kourkoulos Arditis,S (2580) Prague CZE 2025 ½-½ (71)}) 13... exd4 14. Bg5 Bxf3 15. Bxf6 $146 ({RR} 15. Qxf3 Ne5 16. Qf5 O-O 17. Bxf6 gxf6 18. Rd1 Qa1 19. cxd4 Bxd4 20. Nc3 Qxb2 21. Nd5 Ng6 22. Nxc7 Bb6 23. Nd5 Qxb3 24. Nxf6+ Kh8 25. Rxd6 Bd8 26. Nd5 Qb2 27. Ne3 Be7 28. Rd7 b4 29. Ng4 Kg7 {Kosteniuk,A (2523)-Saravanan,V (2356) Caleta 2010 ½-½ (58)}) 15... Bxg2 16. Kxg2 gxf6 17. Qxb5 Ke7 18. Kh2 Ne5 19. f4 Qxe4 20. fxe5 Rg8 21. exf6+ Kf8 22. Rf2 d3 23. Qh5 Rg6 24. Qf3 Qe5+ 25. Kh1 Qe1+ 26. Rf1 Rg1+ 27. Kh2 Qe5+ 28. Qf4 Rxf1 29. Qxe5 dxe5 30. Nd2 Rf2+ 31. Kg3 Rxd2 32. Bxf7 Kxf7 33. b4 Rf2 0-1

[Event "Reykjavik op 22nd"]
[Site "Reykjavik"]
[Date "2006.03.12"]
[Round "7"]
[White "Carlsen, Magnus"]
[Black "Kveinys, Aloyzas"]
[Result "1-0"]
[WhiteElo "2625"]
[BlackElo "2517"]
[PlyCount "43"]
[EventDate "2006.03.06"]
[EventType "swiss"]
[EventRounds "9"]
[EventCountry "ISL"]
[SourceTitle "CBM 111 Extra"]
[Source "ChessBase"]
[SourceDate "2006.05.09"]
[SourceVersion "1"]
[SourceVersionDate "2006.05.09"]
[SourceQuality "1"]

1. e4 c5 2. Nf3 e6 3. d4 cxd4 4. Nxd4 a6 5. Nc3 Qc7 6. Bd3 Bc5 7. Nb3 Be7 8. Qg4 g6 9. Bg5 d6 10. Bxe7 Nxe7 11. O-O-O e5 12. Qg5 Be6 13. f4 Nd7 14. f5 f6 15. Qh6 Bxb3 $146 ({RR} 15... Bf7 16. fxg6 Bxg6 17. Nd5 Nxd5 18. exd5 O-O-O 19. Bxg6 hxg6 20. Qxg6 Rdg8 21. Qe4 f5 22. Qf3 Kb8 23. Kb1 f4 24. g3 Rc8 25. c3 Rcf8 26. g4 Nf6 27. g5 Qh7+ 28. Ka1 Ne4 29. Rdg1 Qf5 30. g6 {Perez Leiva,J (2285)-Lorenzana,W (2259) Santa Clara 2018 0-1 (37)}) 16. cxb3 O-O-O 17. Kb1 Kb8 18. Rc1 Nc5 19. Bc2 gxf5 20. exf5 d5 21. Qxf6 Nc6 22. Nxd5 1-0

[Event "Reykjavik op 22nd"]
[Site "Reykjavik"]
[Date "2006.03.13"]
[Round "8"]
[White "Hamdouchi, Hicham"]
[Black "Carlsen, Magnus"]
[Result "0-1"]
[WhiteElo "2575"]
[BlackElo "2625"]
[PlyCount "78"]
[EventDate "2006.03.06"]
[EventType "swiss"]
[EventRounds "9"]
[EventCountry "ISL"]
[SourceTitle "CBM 111 Extra"]
[Source "ChessBase"]
[SourceDate "2006.05.09"]
[SourceVersion "1"]
[SourceVersionDate "2006.05.09"]
[SourceQuality "1"]

1. e4 {Marin,Mihail} e5 2. Nf3 Nc6 3. Bb5 a6 4. Ba4 Nf6 5. O-O b5 6. Bb3 Bc5 7. c3 d6 8. d4 Bb6 9. a4 ({RR} 9. Bg5) 9... Bg4 ({RR} 9... Rb8 10. Na3 ({RR} 10. axb5 axb5 11. Qd3)) 10. d5 ({RR} 10. h3 Bh5 11. axb5 axb5 12. Rxa8 Qxa8 13. d5 Na5 ({RR} 13... Ne7 14. Bc2 Bg6 15. Qe2 c6 16. dxc6 Qxc6 17. Re1 O-O 18. Na3 Rb8 19. Bd3 h6 20. Nd2 b4 21. cxb4 d5 22. Bb5 Qb7 23. exd5 Nexd5 24. Ndc4 Ne4) 14. Bc2 c6 15. dxc6 Qxc6 16. Re1 ({RR} 16. Bg5 Bd8 17. Na3 ({RR} 17. Bxf6 Bxf6 18. Nxe5 Bxd1 19. Nxc6 Bxc2 20. Nxa5 Kd7) 17... O-O 18. Bxf6 Bxf3 ({RR} 18... Bxf6 19. Nxe5 Bxe5 ({RR} 19... Bxd1 20. Nxc6 Bxc2 21. Nxa5 Bxe4 22. Re1) 20. Qxh5 Qc5 21. Qe2 b4) 19. Qxf3 Bxf6 20. Qe2 ({RR} 20. Bd3 Rb8 21. Nc2) 20... Rb8 21. Bd3 b4 22. cxb4 Rxb4 23. Qd2 Qb6) 16... h6 ({RR} 16... O-O 17. Bg5 Bd8 18. Bxf6 Bxf6 ({RR} 18... Bxf3 19. Qxf3 Bxf6) 19. Nxe5 Bxe5 20. Qxh5 Nc4) 17. Qe2 O-O 18. Na3 Nc4 19. Nxc4 bxc4 20. g4 Bg6 21. Nh4 d5 ({RR} 21... Nh7 22. Nf5 Bd8) 22. exd5 Nxd5 23. Be4 Qc5 ({RR} 23... Bxe4 24. Qxe4 Qc5 25. Re2 Re8 26. Nf5) 24. Bxd5 Qxd5 {Anand,V (2786)-Naiditsch,A (2654) Dortmund 2007 CBM 119 [Marin,Mihail] 1-0 (57)}) ({RR} 10. Bg5) ({RR} 10. axb5 axb5 11. Rxa8 Qxa8 12. h3 Bh5 13. Qd3 exd4 14. Bg5 Bxf3 15. Bxf6 Bxg2 16. Kxg2 gxf6 17. Qxb5 Ke7 18. Kh2 Ne5 19. f4 Qxe4 20. fxe5 Rg8 21. exf6+ Kf8 22. Rf2 d3 23. Qh5 Rg6 24. Qf3 Qe5+ {Pavlovic,M (2494)-Carlsen,M (2625) Reykjavik 2006 0-1 (33)}) 10... Ne7 11. h3 ({RR} 11. Nbd2 O-O 12. h3 Bd7 13. Re1 Ng6 14. Nf1 Nh5 15. axb5 axb5 16. Rxa8 Qxa8 17. Ne3 Nhf4 18. Nf5 Qd8 19. Be3 Bxe3 20. fxe3 Nh5 21. Rf1 Nf6 22. Bc2 Ne7 23. Ng3 c6 24. dxc6 Bxc6 25. Nh4 Ng6 {Khripachenko,A (2376)-Rostovtsev,D (2446) Sochi RUS 2025 1-0 (48)}) 11... Bh5 12. Re1 $146 ({RR} 12. Bc2 Rb8 13. axb5 axb5 14. Na3 Qc8 15. Nxb5 g5 16. Bxg5 Rg8 17. Ba4 Nd7 18. g4 Bg6 19. Re1 h5 20. Qd2 hxg4 21. hxg4 Kd8 22. Nh2 f6 23. Bh4 Nc5 24. Qc2 Bh5 25. Kh1 Rxg4 26. Bg3 Bg6 {Isha,S (2236)-Makkar,R (2336) Budapest 2022 0-1 (40)}) ({RR} 12. Nbd2 Bg6 13. Qe2 O-O 14. Bc2 Nh5 15. Nb3 Ng3 16. Qd1 Nxf1 17. Kxf1 f5 18. Qe2 h6 19. Bd2 Qd7 20. a5 Ba7 21. Re1 fxe4 22. Bxe4 Bxe4 23. Qxe4 Rxf3 24. gxf3 Qxh3+ 25. Ke2 Qg2 26. Rf1 Rf8 {Khamdamova,A (2327)-Lei,T (2550) Samarkand UZB 2023 0-1 (62)}) 12... Ng6 13. Qd3 O-O 14. Bd1 Bxf3 15. Bxf3 Nf4 16. Qf1 Rb8 17. axb5 axb5 18. Na3 Nd7 19. Nxb5 Qf6 20. Bxf4 Qxf4 21. Na3 f5 22. Nc4 Nf6 23. exf5 e4 24. Bd1 Qxf5 25. Bc2 Qxd5 26. Nxb6 Rxb6 27. b4 Qe5 28. Re3 d5 29. Ra5 Rd6 30. Qe2 Qf4 31. Qd2 Kh8 32. Re2 Qh4 33. Qd4 Nh5 34. Rxd5 Nf4 35. Rxe4 Rxd5 36. Qxd5 Nxh3+ 37. Kh2 Nf4+ 38. Kg1 Qg4 39. Rc4 Re8 0-1

[Event "Reykjavik op 22nd"]
[Site "Reykjavik"]
[Date "2006.03.14"]
[Round "9"]
[White "Carlsen, Magnus"]
[Black "Adly, Ahmed"]
[Result "0-1"]
[WhiteElo "2625"]
[BlackElo "2473"]
[PlyCount "136"]
[EventDate "2006.03.06"]
[EventType "swiss"]
[EventRounds "9"]
[EventCountry "ISL"]
[SourceTitle "CBM 111 Extra"]
[Source "ChessBase"]
[SourceDate "2006.05.09"]
[SourceVersion "1"]
[SourceVersionDate "2006.05.09"]
[SourceQuality "1"]

1. e4 c5 2. Nf3 d6 3. d4 cxd4 4. Nxd4 Nf6 5. Nc3 a6 6. Be3 Ng4 7. Bg5 h6 8. Bh4 g5 9. Bg3 Bg7 10. h3 Ne5 11. Nf5 Bxf5 12. exf5 Nbc6 13. Nd5 e6 14. fxe6 fxe6 15. Ne3 d5 16. Be2 O-O 17. O-O Ng6 ({RR} 17... Qb6 18. c4 d4 19. Ng4 Rad8 20. Nxe5 Bxe5 21. Qd3 Rf6 22. Bg4 Qxb2 23. Rab1 Qc3 24. Qe4 d3 25. Rxb7 Kf8 26. Qh7 Rf4 {1-0 (26) Kovalchuk,A (2304)-Yoo,C (2588) chess.com INT 2025}) 18. c4 d4 ({RR} 18... Nd4 19. cxd5 exd5 20. Bg4 Nf4 21. Rc1 Qa5 22. Nc2 Nxc2 23. Rxc2 Rae8 24. Bf3 Rd8 25. Bxf4 Rxf4 26. Re1 Bf6 27. Rce2 Kg7 28. Qb1 d4 29. Be4 Qc7 30. Qd3 Be7 31. a3 Bf8 32. Bf5 Rd5 33. Be6 {Bologan,V (2692)-Adly,A (2583) Khanty-Mansiysk 2009 1-0 (46)}) 19. Ng4 $146 ({RR} 19. Qc2 Nf4 20. Bxf4 gxf4 21. Ng4 Qg5 22. Qe4 Qf5 23. Bf3 Qxe4 24. Bxe4 Rac8 25. Rfe1 h5 26. Nh2 Ne5 27. b3 b5 28. cxb5 axb5 29. Rad1 Rfd8 30. Nf3 Nxf3+ 31. Bxf3 d3 32. Rxe6 Rc2 33. Be4 Rxa2 {Aitbayev,A (2412)-Moisseyenko,I (2280) Atyrau 2022 1-0 (60)}) ({RR} 19. Qc2 Nf4 20. Bxf4 gxf4 21. Ng4 Qg5 22. Qe4 Qf5 23. Bf3 Qxe4 24. Bxe4 Rac8 25. Rfe1 h5 26. Nh2 Ne5 27. b3 b5 28. cxb5 axb5 29. Rad1 Rfd8 30. Nf3 Nxf3+ 31. Bxf3 d3 32. Rxe6 Rc2 33. Be4 Rxa2 {Aitbayev,A (2412)-Moisseyenko,I (2280) Atyrau 2022 1-0 (60)}) 19... Nf4 20. Bxf4 Rxf4 21. Bd3 Nb4 22. Re1 h5 23. Nh2 Nxd3 24. Qxd3 Qf6 25. Re2 Qf5 26. Rd1 Rf8 27. f3 Qxd3 28. Rxd3 e5 29. Nf1 g4 30. hxg4 hxg4 31. Nd2 gxf3 32. gxf3 Rh4 33. Re4 Rh5 34. Rg4 Rh6 35. Rb3 b6 36. Ra3 Ra8 37. Ne4 Rc6 38. Rb3 Kf7 39. Kf2 Bf8 40. f4 Rb8 41. f5 Rh6 42. c5 Be7 43. Rg6 Rh5 44. Rgxb6 Rxf5+ 45. Rf3 Rxf3+ 46. Kxf3 Rc8 47. b4 a5 48. a3 axb4 49. axb4 Ke8 50. Ke2 Ra8 51. c6 Kf7 52. b5 Ke6 53. Ra6 Rh8 54. b6 Bd8 55. b7 Bc7 56. Ra8 Rb8 57. Kd3 Kd5 58. Ra6 Rf8 59. Nd2 e4+ 60. Nxe4 Rf3+ 61. Kc2 Kxe4 62. Ra8 Rc3+ 63. Kd1 Rb3 64. Kc2 Rb6 65. Rc8 d3+ 66. Kd1 Bf4 67. Re8+ Kf3 68. b8=Q Rxb8 0-1

[Event "Dos Hermanas Qualifier S17A"]
[Site "ICC INT"]
[Date "2006.03.17"]
[Round "10"]
[White "Carlsen, Magnus"]
[Black "Jones, Gawain C B"]
[Result "1-0"]
[WhiteElo "2625"]
[BlackElo "2418"]
[PlyCount "111"]
[EventDate "2006.03.17"]
[EventType "swiss"]
[EventCountry "NET"]
[SourceTitle "EXT 2023"]
[Source "ChessBase"]
[SourceDate "2022.10.05"]
[SourceVersion "1"]
[SourceVersionDate "2022.10.05"]
[SourceQuality "1"]

1. e4 g6 2. d4 Bg7 3. Nc3 a6 4. f4 d6 5. Nf3 Nd7 6. Be3 b5 7. Bd3 Bb7 8. O-O c5 9. dxc5 Nxc5 10. Bxc5 dxc5 11. e5 Nh6 ({RR} 11... b4 12. Be4 Qb8 13. Bxb7 Qxb7 14. Qd5 Qxd5 15. Nxd5 O-O-O 16. Rfd1 e6 17. Nb6+ Kc7 18. Rxd8 Kxd8 19. a3 Kc7 20. Nc4 Ne7 21. axb4 cxb4 22. Rxa6 Nc6 23. Ng5 Rf8 24. Nd6 h6 25. Ngxf7 Nd4 26. g3 {Wei,Y (2732)-Demidov,M (2552) Chess.com INT 2020 1-0 (38)}) 12. a4 $146 ({RR} 12. Be4 Bxe4 13. Qxd8+ Rxd8 14. Nxe4 Rc8 15. c4 Nf5 16. Rfc1 b4 17. a3 b3 18. Ned2 Rb8 19. Rc3 O-O 20. Nxb3 f6 21. Nxc5 Rxb2 22. Nxa6 fxe5 23. fxe5 Bh6 24. Re1 Rd8 25. Kh1 Ne3 26. Nb4 Nxg2 {Urjubdshzirov,E (2197)-Utkin,A (2374) St Petersburg 2006 0-1 (47)}) ({RR} 12. Be4 Bxe4 13. Nxe4 Qb6 14. Qe2 O-O 15. c3 c4+ 16. Kh1 Rfd8 17. Rad1 Nf5 18. Ng3 Ne3 19. Rxd8+ Rxd8 20. Re1 Nd5 21. Qe4 Bh6 22. Ng5 Qf2 23. Rf1 Qe3 24. e6 f5 25. Qxe3 Nxe3 26. Re1 Rd1 {Faccia,S (2028)-Cardarelli,A (1973) Venice 2012 0-1 (48)}) 12... Qb6 13. Kh1 Rd8 14. Qe2 b4 15. a5 Qc7 16. Ne4 Qc6 17. Neg5 O-O 18. Be4 Qc7 19. Bxb7 Qxb7 20. Rfd1 Nf5 21. Ne4 Qc6 22. b3 h6 23. Kg1 e6 24. Kf2 Rd5 25. g4 Ne7 26. Nf6+ Bxf6 27. exf6 Nc8 28. Ne5 Qb7 29. Nxg6 Rxd1 30. Rxd1 fxg6 31. Qxe6+ Qf7 32. Qxa6 Qxf6 33. Qxf6 Rxf6 34. Rd8+ Rf8 35. Rxf8+ Kxf8 36. Ke3 Ke7 37. Ke4 Kd6 38. f5 g5 39. a6 Nb6 40. a7 Na8 41. f6 Ke6 42. f7 Kxf7 43. Kd5 Ke7 44. Kxc5 Kd7 45. Kxb4 Kc6 46. Kc4 Kb6 47. Kd4 Kxa7 48. Ke5 Nc7 49. Kf6 Nd5+ 50. Kg6 Ne3 51. h3 Nxc2 52. Kxh6 Nd4 53. Kxg5 Nxb3 54. h4 Kb6 55. h5 Nd4 56. Kf6 1-0

[Event "Dos Hermanas Qualifier S18A"]
[Site "ICC INT"]
[Date "2006.03.18"]
[Round "2"]
[White "Carlsen, Magnus"]
[Black "Greiff, Hakan"]
[Result "1-0"]
[WhiteElo "2625"]
[BlackElo "2266"]
[PlyCount "51"]
[EventDate "2006.03.18"]
[EventType "swiss"]
[EventCountry "NET"]
[SourceTitle "EXT 2023"]
[Source "ChessBase"]
[SourceDate "2022.10.05"]
[SourceVersion "1"]
[SourceVersionDate "2022.10.05"]
[SourceQuality "1"]

1. e4 e5 2. Nf3 Nc6 3. Bb5 a6 4. Ba4 d6 5. O-O Bg4 6. c3 Qf6 7. d3 Nge7 8. Nbd2 Ng6 9. d4 ({RR} 9. h3 Bd7 10. Re1 Nf4 11. Nf1 g5 12. Ne3 O-O-O 13. d4 h5 14. d5 Ne7 15. Bxd7+ Rxd7 16. Nh2 Qg6 17. f3 f5 18. exf5 Nxf5 19. Qc2 Ne7 20. Qxg6 Nexg6 21. Nhf1 c6 22. Rd1 cxd5 23. Nxd5 Nxd5 {Barlov,D (2460)-Piket,J (2615) Oviedo 1992 ½-½ (41)}) ({RR} 9. Re1 Nf4 10. Re3 Be7 11. Nf1 h5 12. d4 b5 13. Bc2 g5 14. a4 Rb8 15. axb5 axb5 16. Ra6 Bd7 17. dxe5 dxe5 18. Ng3 g4 19. Ne1 Bc5 20. Nf5 Bxe3 21. fxe3 Ne6 22. Bb3 Nc5 23. Rxc6 Bxc6 {Fandi,M (2302)-Gerbelli Neto,E (2114) chess.com INT 2025 1-0 (57)}) ({RR} 9. b4 Nf4 10. Bxc6+ bxc6 11. Nc4 Be7 12. Bxf4 Qxf4 13. Ne3 Bxf3 14. Qxf3 Qxf3 15. gxf3 Bg5 16. Kh1 {½-½ (16) Orndahl,M (2298)-Greiff,H (2282) Sweden 2008}) 9... Nf4 10. Bxc6+ bxc6 11. Qa4 $146 ({RR} 11. dxe5 dxe5 12. Nc4 Rd8 13. Bd2 Bh3 14. Ne1 Be6 15. Ne3 Bc5 16. Qc2 O-O 17. Rd1 Bxe3 18. Bxe3 Bc4 19. Bxf4 exf4 20. Nd3 f3 21. g3 Qe6 22. Rfe1 g5 23. Kh1 Qh3 24. Rg1 Rd6 25. Ne5 Qxh2+ {Chylewski,P (2281)-Harshavardhan,G (2449) chess.com INT 2023 0-1}) ({RR} 11. dxe5 dxe5 12. Nc4 Rd8 13. Bd2 Bh3 14. Ne1 Be6 15. Ne3 Bc5 16. Qc2 O-O 17. Rd1 Bxe3 18. Bxe3 Bc4 19. Bxf4 exf4 20. Nd3 f3 21. g3 Qe6 22. Rfe1 g5 23. Kh1 Qh3 24. Rg1 Rd6 25. Ne5 Qxh2+ {Chylewski,P (2281)-Harshavardhan,G (2449) chess.com INT 2023 0-1}) 11... Bd7 12. dxe5 dxe5 13. Nc4 Bd6 14. Bxf4 Qxf4 15. Rad1 Ke7 16. Rd3 Rhd8 17. Rfd1 c5 18. Qc2 Bb5 19. Nfd2 Bxc4 20. Rf3 Qh6 21. Nxc4 Qe6 22. Qa4 Qd7 23. Rxf7+ Kxf7 24. Nxe5+ Ke6 25. Nxd7 Rxd7 26. e5 1-0

[Event "Tiger Grand Prix"]
[Site "Oslo"]
[Date "2006.04.13"]
[Round "3"]
[White "Carlsen, Magnus"]
[Black "Bae, Torstein"]
[Result "1-0"]
[WhiteElo "2646"]
[BlackElo "2284"]
[PlyCount "47"]
[EventDate "2006.04.13"]
[EventType "swiss"]
[EventCountry "NOR"]
[SourceTitle "EXT 2023"]
[Source "ChessBase"]
[SourceDate "2022.10.05"]
[SourceVersion "1"]
[SourceVersionDate "2022.10.05"]
[SourceQuality "1"]

1. e4 e5 2. Nf3 Nc6 3. Bb5 Nf6 4. d3 d6 5. O-O g6 6. d4 exd4 7. e5 dxe5 8. Nxe5 Qd5 ({RR} 8... Bd7 9. Re1 Nxe5 10. Rxe5+ Be7 11. Bg5 Ng8 12. Qxd4 f6 13. Nc3 c5 14. Bxd7+ Qxd7 15. Qxd7+ Kxd7 16. Rd1+ Kc7 17. Nd5+ Kc6 18. Nxe7+ Nxe7 19. Re6+ Kb5 20. Bxf6 Rhd8 21. Rxd8 Rxd8 22. Re1 {1-0 (22) Carlsen,M (2552)-Dannevig,O (2372) Molde 2004}) 9. Re1 ({RR} 9. Qe2 Be7 10. Re1 d3 11. Bxc6+ Qxc6 12. Qxd3 Qd6 13. Qe2 O-O 14. Nc3 Be6 15. Qf3 Nd5 16. Bh6 {½-½ (16) So,W (2760)-Nakamura,H (2816) Las Vegas 2015}) 9... Be6 10. Nxc6 $146 ({RR} 10. Bc4 Qc5 11. b4 Nxb4 12. Ba3 Be7 13. c3 dxc3 14. Qa4+ Kf8 15. Bxe6 fxe6 16. Nd3 Qc6 17. Qb3 Nxd3 18. Rxe6 Nc5 19. Bxc5 Qxc5 20. Nxc3 Kg7 21. Rae1 Rae8 22. R1e5 Qa3 23. Rxe7+ Rxe7 24. Qxa3 Rxe5 {Duras,O-Burn,A San Sebastian 1911 1-0 (36)}) ({RR} 10. Bc4 Qc5 11. Bxe6 fxe6 12. Nxc6 bxc6 13. Rxe6+ Kf7 14. Re2 Bg7 15. Nd2 Rhe8 16. Nf3 Rxe2 17. Qxe2 Re8 18. Qd3 Qd5 19. Bf4 Ne4 20. Bxc7 Nc5 21. Qa3 d3 22. cxd3 Nxd3 23. Rd1 Qd7 24. Qxa7 Re7 {Pribelszky,B (2400)-Karttunen,M (2489) chess.com INT 2025 1-0 (31)}) ({RR} 10. Bc4 Qc5 11. Bxe6 fxe6 12. Nxc6 Qxc6 13. Qxd4 Bg7 14. Bh6 O-O 15. Bxg7 Kxg7 16. Nc3 Rad8 17. Qe5 Kg8 18. Qxe6+ Qxe6 19. Rxe6 Nd5 20. Nxd5 Rxd5 21. Rc1 Rd2 22. f3 Rfd8 23. Ree1 R8d6 24. Kf1 Kf7 {Ramirez Martinez,H (2195)-Bisguier,A (2385) Los Angeles 1996 ½-½ (62)}) 10... bxc6 11. Nc3 Qc5 12. Qf3 Kd7 13. Qxf6 Be7 14. Ne4 Qxb5 15. Qxd4+ Qd5 16. Qc3 Rhb8 17. Bg5 Bxg5 18. Rad1 Be7 19. Nf6+ Bxf6 20. Qxf6 Rb4 21. b3 Kc8 22. Rxd5 cxd5 23. Rxe6 fxe6 24. Qf8+ 1-0

[Event "Tiger Grand Prix"]
[Site "Oslo"]
[Date "2006.04.14"]
[Round "7"]
[White "Carlsen, Magnus"]
[Black "Stokke, Kjetil"]
[Result "1-0"]
[WhiteElo "2646"]
[BlackElo "2302"]
[PlyCount "77"]
[EventDate "2006.04.13"]
[EventType "swiss"]
[EventCountry "NOR"]
[SourceTitle "EXT 2023"]
[Source "ChessBase"]
[SourceDate "2022.10.05"]
[SourceVersion "1"]
[SourceVersionDate "2022.10.05"]
[SourceQuality "1"]

1. e4 {Rogozenco,Dorian} c5 2. Nf3 Nc6 3. d4 cxd4 4. Nxd4 Nf6 5. Nc3 e5 6. Ndb5 d6 7. Bg5 a6 8. Na3 b5 9. Nd5 Be7 10. Bxf6 Bxf6 11. c3 O-O 12. Nc2 Rb8 13. h4 Be7 14. Nce3 Be6 15. Qf3 ({RR} 15. Bd3 Qd7 16. Bc2 Bd8 17. Qd3 Ne7 18. O-O-O Bxd5 19. Nxd5 Nxd5 20. Qxd5 b4 21. Rh3 bxc3 22. Rxc3 Bxh4 23. Qxd6 Qg4 24. Rf3 Qxg2 25. Rf5 Bxf2 26. Qxe5 g6 27. Rxf7 Rxf7 28. Qxb8+ Kg7 29. Qe5+ Kh6 {Zenelaj,S (2207)-Fernandez Siles,L (2191) chess.com INT 2024 1-0 (54)}) 15... Qd7 16. Rd1 Bd8 17. Nf5 $146 ({RR} 17. Be2 Ne7 18. g4 a5 19. h5 Bxd5 20. Nxd5 Nxd5 21. Rxd5 b4 22. c4 Qe7 23. O-O Bb6 24. b3 Bc5 25. Kg2 g6 26. Qh3 Qf6 27. Qg3 gxh5 28. Rh1 hxg4 {½-½ (28) Van der Wiel,J (2509)-De Vreugt,D (2504) Wijk aan Zee 2003}) ({RR} 17. Be2 Ne7 18. h5 h6 19. O-O Qc8 ({RR} 19... Bb6 20. Nf5 Nxd5 ({RR} 20... Bxd5 21. Rxd5 Nxd5 22. Qg4 Qxf5 23. Qxf5 Nf6 24. Rd1) 21. Rxd5 Bxf5 ({RR} 21... Bxd5 22. Qg4) 22. exf5 Qe7 23. Bd3 Rfd8 24. Rd1 Rbc8 25. Be4) 20. Nxe7+ ({RR} 20. Nf5 Nxf5 21. exf5 Bxf5 22. Ne3 Be6 23. Rxd6 Bc7 24. Rd2 f5) ({RR} 20. Rd3 Nxd5 21. Nxd5 ({RR} 21. exd5 Bd7) 21... Bg5 22. Rfd1 Rd8 ({RR} 22... a5)) 20... Bxe7 21. b3 ({RR} 21. Nf5 Qc7 22. Bd3 ({RR} 22. a3 Rfd8) 22... Bg5 23. Bc2 b4 24. Nxd6 ({RR} 24. Bb3) 24... Rfd8 25. Nf5 bxc3 26. bxc3 Bxa2) ({RR} 21. Nd5 Bd8 22. a3 a5) 21... Bg5 ({RR} 21... Qc5 22. Nf5 Rfe8 ({RR} 22... Bxf5 23. exf5 Rfc8 24. c4 ({RR} 24. Rd3)) 23. Rd2) ({RR} 21... Qxc3 22. Nd5 Qxf3 23. Nxe7+) 22. Rxd6 ({RR} 22. Nf5 d5 ({RR} 22... Bxf5 23. exf5 Qc5) 23. Rxd5 Bxd5 24. exd5 e4 25. Qh3 ({RR} 25. Qxe4 Re8 26. Qd3 Rxe2 27. Qxe2 Qxf5)) ({RR} 22. Nd5 Rd8 {RR} 23. Rd3 Qc5 24. b4 Qc8 25. Bd1) 22... Qxc3 23. Rxa6 Bxe3 24. Qxe3 ({RR} 24. fxe3 Rfd8) 24... Qxe3 25. fxe3 Rfc8 ({RR} 25... Ra8 26. Bxb5 Rxa6 27. Bxa6 Ra8 28. Bb7 Rxa2 29. Rb1) 26. Ra5 ({RR} 26. Rd1 Rc2 27. Kf1 Rb2 28. Ra5 ({RR} 28. Ke1 Rc8 29. Rd2 Rc1+ 30. Bd1 Rbb1 31. Rd8+ Kh7 32. Raa8 g6 33. hxg6+ Kxg6) 28... Rc8 29. Rxb5 Rcc2 30. Bf3 Rxa2) 26... Ra8 ({RR} 26... b4 27. Rxe5 Ra8) 27. Rxa8 Rxa8 28. Bxb5 Rxa2 29. Rb1 ({RR} 29. Ba4 Rb2 30. Rf2 Rb1+ 31. Rf1 Rb2) 29... Ra3 30. b4 ({RR} 30. Ba4 Kf8) 30... Kf8 ({RR} 30... Rxe3 31. Bc6 Rb3 ({RR} 31... Kf8 32. b5 Rd3 33. b6 Rd8 34. b7 Rb8 35. Ra1) 32. Rxb3 Bxb3 33. b5 Ba4 34. Bd7 Bc2 35. b6 Bxe4 36. Bc8) 31. Bc6 Rb3 {Jakovenko,D (2708)-Ivanchuk,V (2729) Foros 2007 CBM 119 [Rogozenco,Dorian] ½-½ (39)}) ({RR} 17. h5 h6 18. Be2 Ne7 19. O-O Qc8 20. Nxe7+ Bxe7 21. Nf5 Qc7 22. Qg3 Bg5 23. Nxd6 Bf4 24. Qf3 g6 25. c4 Rb6 26. Qa3 gxh5 27. c5 Rc6 28. b4 Qe7 29. Qf3 h4 {½-½ (29) Landa,K (2669)-Eljanov,P (2701) Germany 2007}) 17... Bxf5 18. exf5 e4 19. Qf4 Ne7 20. Ne3 Bb6 21. f6 Ng6 22. Qg3 h5 23. Rxd6 Qc7 24. Nd5 Qa7 25. Ne7+ Kh7 26. Rd5 gxf6 27. Rxh5+ Kg7 28. Nf5+ Kg8 29. Rh6 e3 30. fxe3 Bxe3 31. Nxe3 Rfe8 32. Rh3 f5 33. h5 f4 34. Rh8+ Kg7 35. Rh7+ Kf6 36. Qxg6+ fxg6 37. Rxa7 Rb6 38. hxg6 Kxg6 39. Bd3+ 1-0

[Event "Schagen m"]
[Site "Schagen"]
[Date "2006.04.29"]
[Round "2"]
[White "Carlsen, Magnus"]
[Black "Van Wely, Loek"]
[Result "1-0"]
[WhiteElo "2646"]
[BlackElo "2655"]
[PlyCount "67"]
[EventDate "2006.04.28"]
[EventType "match"]
[EventRounds "4"]
[EventCountry "NED"]
[SourceTitle "CBM 111 Extra"]
[Source "ChessBase"]
[SourceDate "2006.05.09"]
[SourceVersion "1"]
[SourceVersionDate "2006.05.09"]
[SourceQuality "1"]

1. e4 {Kritz,Leonid} c5 2. Nf3 e6 3. d4 cxd4 4. Nxd4 a6 5. Nc3 Qc7 6. Bd3 Nf6 7. O-O Bc5 8. Nb3 Be7 9. f4 d6 10. a4 ({RR} 10. Qe2 b5 11. Bd2 Bb7 12. Rae1 Nbd7 13. Kh1 O-O) 10... Nc6 11. a5 ({RR} 11. Be3 b6 ({RR} 11... O-O 12. a5 Bd7 13. Bb6 Qb8 14. Qe2) 12. Qf3 Bb7 13. Rae1 Nb4 14. Qh3 ({RR} 14. Qg3 h5 15. h3 g6 16. Nd4 h4 17. Qf2 Nd7 18. Nf3 Nc5 19. Rd1 O-O-O) 14... g6 15. Kh1 Rd8 16. Bd4 e5 17. Be3 O-O 18. Nd2 exf4 19. Bxf4 Bc8 20. Qf3 Bg4) 11... b5 12. axb6 Qxb6+ 13. Kh1 O-O 14. Qe2 ({RR} 14. Qf3 Nb4 15. Be3 Qc7 16. Bd4 Bb7 17. Na5 Rab8 18. Nxb7 Qxb7 19. Qh3 h6 20. Qg3 {½-½ (20) Ponomariov,R (2738)-Ivanchuk,V (2731) Sochi 2006}) ({RR} 14. Qf3 Nb4 15. Be3 Qc7 16. Bd4 Bb7 17. Na5 Rab8 18. Nxb7 Qxb7 19. Qh3 h6 20. Qg3) 14... a5 $146 ({RR} 14... Nb4 15. Be3 ({RR} 15. Na5 Nxd3 16. cxd3 Bd7 17. Qe3 Qb4 18. Bd2 Qb8 19. b4 Rc8 20. Nc4 d5 21. exd5 exd5 22. Qxe7 dxc4 23. Ne4 Nxe4 24. dxe4 c3 25. Bxc3 Rxc3 26. Qxd7 Qxb4) 15... Qc7 ({RR} 15... Qb8 16. Na5 Bd7 17. Nc4 Nxd3 18. Qxd3 Bb5 19. Nxb5 axb5 20. Nb6 Rxa1 21. Rxa1 Qb7 22. Qxb5 Qxe4) 16. Na5 ({RR} 16. Ra4 Rb8 17. Rfa1 Bd7) 16... Bd7 17. Nc4 Rab8 18. e5 dxe5 19. fxe5 Nfd5 20. Ne4 Nxd3 21. cxd3 Nxe3 22. Qxe3 Bb5 23. Ncd6 Bxd6 24. Nxd6 Qc2 25. Rf3 Qxb2 26. Raf1 Bc6 27. Rg3 f5 28. h3 Rb4 29. Qc5 {Berg,E (2616)-Drabke,L (2435) Germany 2010 1-0 (36)}) ({RR} 14... Nb4 15. Be3 Qc7 16. Nb5 Qb8 17. N5d4 ({RR} 17. Nxd6 Bxd6 18. e5 Bxe5 19. fxe5 Qxe5 20. Ra5) 17... Bd7 ({RR} 17... Nxd3 18. Nc6 Qc7 19. Nxe7+ Qxe7 20. cxd3 Bb7 21. Na5) ({RR} 17... e5 18. Nf3 Ng4 19. f5 Nxe3 20. Qxe3 Bd7) 18. Nd2 Rc8 19. c4 Nxd3 20. Qxd3 a5 21. b3 Bd8 ({RR} 21... a4 22. bxa4 Rxa4 23. Rxa4 Bxa4) 22. Bg1 ({RR} 22. Nb5 Bxb5 ({RR} 22... Bc7 23. Bd4) 23. cxb5 Bb6 24. Nc4 Bxe3 25. Qxe3 Qxb5 26. Nxd6 Qc5 27. Qxc5 Rxc5 28. b4) 22... h6 23. Rae1 a4 ({RR} 23... e5) 24. e5 Ne8 25. bxa4 Rxa4 26. f5 dxe5 ({RR} 26... Bg5 27. fxe6 Bxe6 ({RR} 27... fxe6 28. Qg6 Bxd2 29. Rf7) 28. Nxe6 Bxd2 29. Rxf7 Kxf7 30. Qd5 Qa8 31. Nd8+) 27. fxe6 fxe6 28. Nf5 exf5 ({RR} 28... Qc7 29. Nxh6+ gxh6 30. Qg6+ Ng7 31. Rf7) 29. Qxd7 {Guseinov,G (2625)-Svidler,P (2739) Ningbo 2011 CBM 144 [Kritz,Leonid] 1-0 (33)}) 15. Be3 Qc7 16. Nb5 Qb8 17. c3 d5 18. e5 Ne4 19. Bxe4 dxe4 20. Nc5 Bxc5 21. Bxc5 Ba6 22. c4 Rd8 23. Nd6 f5 24. exf6 Rxd6 25. Qxe4 Bb7 26. Bxd6 Qxd6 27. Rad1 Nd8 28. f7+ Kxf7 29. Qxh7 Qc6 30. Rf2 Qe4 31. f5 e5 32. Rfd2 Bc6 33. Qg6+ Ke7 34. Rd7+ 1-0